Angst voor sexueel geweld / 2 Bijlage
| VerfasserInnen: | ; |
|---|---|
| Medienart: | Druck Buch |
| Sprache: | Nichtbestimmte Sprache |
| Veröffentlicht: |
Leiden
Werkgroep Vrouwenstudies, Fak. d. Sociale Wetenschappen, Rijksuniv. Leiden
1983
|
| In: |
Angst voor sexueel geweld van overdreven angst naar gerechtvaardigde woede
Jahr: 1983 |
| Bestand in Tübingen: | In Tübingen vorhanden. UB: KB 18 A 3360-2 |
| Verfügbarkeit prüfen: | HBZ Gateway |
| Subito Bestelldienst: | Jetzt bestellen. |
MARC
| LEADER | 00000cam a2200000 cc4500 | ||
|---|---|---|---|
| 001 | 1083758276 | ||
| 003 | DE-627 | ||
| 005 | 20220514110027.0 | ||
| 007 | tu | ||
| 008 | 880301s1983 xx ||||| 00| ||und c | ||
| 035 | |a (DE-627)1083758276 | ||
| 035 | |a (DE-576)013758276 | ||
| 035 | |a (DE-599)BSZ013758276 | ||
| 035 | |a (OCoLC)310822788 | ||
| 040 | |a DE-627 |b ger |c DE-627 |e rakwb | ||
| 100 | 1 | |a Ensink, Bernardine |4 aut | |
| 245 | 1 | 0 | |a Angst voor sexueel geweld |n 2 |p Bijlage |c Bernardine Ensink; Francine Albach |
| 264 | 1 | |a Leiden |b Werkgroep Vrouwenstudies, Fak. d. Sociale Wetenschappen, Rijksuniv. Leiden |c 1983 | |
| 300 | |a Getr. Zählung | ||
| 336 | |a Text |b txt |2 rdacontent | ||
| 337 | |a ohne Hilfsmittel zu benutzen |b n |2 rdamedia | ||
| 338 | |a Band |b nc |2 rdacarrier | ||
| 490 | 1 | |a ...-Studies |v R-83, 2 | |
| 583 | 1 | |a Archivierung prüfen |c 20200919 |f DE-640 |z 1 |2 pdager | |
| 700 | 1 | |a Albach, Francine |d 1951- |0 (DE-588)172744830 |0 (DE-627)697676382 |0 (DE-576)16467845X |4 aut | |
| 773 | 1 | 8 | |a Angst voor sexueel geweld van overdreven angst naar gerechtvaardigde woede |w (DE-627)1083758179 |w (DE-576)013758179 |g 2 |q 2 |7 nnam |
| 830 | 0 | |a Vrouwenstudies |v R-83, 2 |9 83, 2 |w (DE-627)1083758152 |w (DE-576)013758152 |7 am | |
| 951 | |a MV | ||
| ELC | |b 1 | ||
| LOK | |0 000 xxxxxcx a22 zn 4500 | ||
| LOK | |0 001 2104334993 | ||
| LOK | |0 003 DE-627 | ||
| LOK | |0 004 1083758276 | ||
| LOK | |0 005 20151027140155 | ||
| LOK | |0 008 880301||||||||||||||||ger||||||| | ||
| LOK | |0 040 |a DE-21 |c DE-627 |d DE-21 | ||
| LOK | |0 852 |a DE-21 | ||
| LOK | |0 852 1 |c KB 18 A 3360-2 |9 00 | ||
| LOK | |0 935 |a krim | ||
| LOK | |0 939 |a 01-03-88 |b l01 | ||
| ORI | |a SA-MARC-krimdoka001.raw | ||
| SIG | |a UB: KB 18 A 3360-2 | ||
